Get the Picture: Triwizard Champions Quiz Stats

 Plays Quiz Updated May 28, 2019

Score 0/16 Timer 03:00
6 Plays Today
Question Answer Wrong Answers
Which champion was underage at the time of the Triwizard Tournament? Harry Potter
93.3%
Fleur Delacour
1.2%
Cedric Diggory
0.8%
Viktor Krum
0.7%
Which champion was killed while competing in the Triwizard Tournament? Cedric Diggory
91.1%
Harry Potter
1.4%
Fleur Delacour
0.8%
Viktor Krum
2.7%
Who was the Beauxbatons champion? Fleur Delacour
90%
Harry Potter
2%
Cedric Diggory
1.7%
Viktor Krum
2.6%
Who was the Durmstrang champion? Viktor Krum
89.6%
Harry Potter
1.8%
Fleur Delacour
2.1%
Cedric Diggory
2.4%
Which champion used Gillyweed in the second task? Harry Potter
87.3%
Fleur Delacour
3.5%
Cedric Diggory
3.3%
Viktor Krum
2.3%
Which champion's father was named Amos? Cedric Diggory
86.2%
Harry Potter
1.6%
Fleur Delacour
2.5%
Viktor Krum
6.1%
Who was the Hogwarts champion from Gryffindor? Harry Potter
86.2%
Fleur Delacour
0.5%
Cedric Diggory
8.7%
Viktor Krum
0.7%
Who was a professional Quidditch player? Viktor Krum
85.2%
Harry Potter
6.7%
Fleur Delacour
0.9%
Cedric Diggory
3.7%
Which champion was part Veela? Fleur Delacour
84.8%
Harry Potter
1.2%
Cedric Diggory
2.5%
Viktor Krum
7.6%
Which champion was unable to complete the second task? Fleur Delacour
84%
Harry Potter
2.8%
Cedric Diggory
4.6%
Viktor Krum
4.4%
Who faced the Hungarian Horntail in the first task? Harry Potter
79%
Fleur Delacour
3.5%
Cedric Diggory
5.9%
Viktor Krum
7.7%
Which champion had to rescue Hermione in the second task? Viktor Krum
76.2%
Harry Potter
15.5%
Fleur Delacour
0.6%
Cedric Diggory
3.9%
Which champion attended the Yule Ball with Cho Chang? Cedric Diggory
68.5%
Harry Potter
22.1%
Fleur Delacour
2.1%
Viktor Krum
3.9%
Who faced the Common Welsh Green in the first task? Fleur Delacour
63.2%
Harry Potter
4.8%
Cedric Diggory
17.9%
Viktor Krum
10.5%
Who faced the Chinese Fireball in the first task? Viktor Krum
60.7%
Harry Potter
7.1%
Fleur Delacour
12.3%
Cedric Diggory
15.9%
Who faced the Swedish Short Snout in the first task? Cedric Diggory
57.7%
Harry Potter
4.3%
Fleur Delacour
20.9%
Viktor Krum
13.4%

Today's Daily Dose

You're not logged in!

Compare scores with friends on all Sporcle quizzes.
OR
Log In

Sporcle TV

Today on Sporcle TV


Watch our educational content, quiz creation guides, and fun videos on Sporcle TV.

Show Comments

Extras

Top Quizzes Today


Score Distribution

Your Account Isn't Verified!

In order to create a playlist on Sporcle, you need to verify the email address you used during registration. Go to your Sporcle Settings to finish the process.

Report this User

Report this user for behavior that violates our Community Guidelines.

Details: